| 000 | 00779cab a22002055a 4500 | ||
|---|---|---|---|
| 001 | L147718 | ||
| 008 | 090608e20090605xxk f 000 0 eng d | ||
| 035 | _a(Sirsi) u147718 | ||
| 041 | 0 | _aeng | |
| 100 | 1 | _aLever, Jon | |
| 245 | 0 | 0 | _aAPC advice |
| 260 | _c2009 | ||
| 490 | 0 |
_aProperty Week _v75(23) 5 June 2009, 48(1) |
|
| 520 | _aExplains the 23-month presubmission dates stated in the APC candidate's guide (version 2, December 2008) and describes the month 23/24 supervisor and counsellor review, part one. Ben Elder discusses the legal and regulatory compliance competency. | ||
| 590 | _aKA | ||
| 651 | 4 |
_aUnited Kingdom _y |
|
| 690 | _aCAREERS, EDUCATION AND TRAINING-QUALIFICATION ROUTES-ASSESSMENT OF PROFESSIONAL COMPETENCE | ||
| 700 | 1 | _aElder, Ben | |
| 942 | _n0 | ||
| 999 |
_c81618 _d81618 |
||